Nyelvoktatás, egyetemi előkészítő. A TIT elnökségi ülése
Elmentve itt :
| Dokumentumtípus: | Cikk |
|---|---|
| Megjelent: |
1979-12-12
|
| Sorozat: | Délmagyarország
69 No. 290 |
| Online Access: | http://dmarchiv.bibl.u-szeged.hu/89942 |
| LEADER | 00404nab a2200133 i 4500 | ||
|---|---|---|---|
| 001 | delm89942 | ||
| 005 | 20190521091701.0 | ||
| 008 | 190521s1979 hu o 0|| hun d | ||
| 040 | |a SZTE Délmagyarország Archívum |b hun | ||
| 041 | |a hun | ||
| 245 | 0 | 0 | |a Nyelvoktatás, egyetemi előkészítő. A TIT elnökségi ülése |h [elektronikus dokumentum] |
| 260 | |c 1979-12-12 | ||
| 300 | |a 3 | ||
| 490 | 0 | |a Délmagyarország |v 69 No. 290 | |